01040nam a2200253 a 450000100100000000500170001000800410002702000150006804000250008308200190010810000300012724500990015726000720025630000210032849000420034950000480039165000600043965000400049970000520053983000490059104900090064095201220064999900150077100000543120200929151657.0090819s1991 es 001 p spa d a8400071751 aDO-SdBNPbspacBNPHU a016.801bA345m1 aAlburquerque, Luis91542210aMil libros de teoría de la literatura /cLuis Alburquerque, Miguel Ángel Garrido Gallardo. aMadrid :bConsejo Superior de Investigaciones Científicas,c1991. a203 p. ;c24 cm.1 aAnejos de Revista de literatura ;v43 aIncluye datos biográficos de los autores. 4aLiteraturaxHistoria y críticavBIBLIOGRAFÍA915423 4aFilosofía de la literatura9154241 aGarrido Gallardo, Miguel Ángel,d1945-915425 0aAnejos de Revista de literatura ;v43915426 aBNPD 001054708MOaGRbGRcCTd2009-08-19iLF1l0o016.801 A345mp5431-10r2020-06-25w2020-06-25y4ZPréstamo en sala c5231d5231